000 01348cam a22003977a 4500
001 000089240
003 CHAP
005 20220329142622.0
008 971010d2001 mx a r 00110 spa d
010 _a85710
011 _a86682
020 _a9709000179
035 _a97221
040 _cCHAP
082 0 4 _a582
_bR9 2001
100 0 0 _aCalderón de Rzedowski, Graciela.
_917385
245 1 0 _aFlora fanerogámica del Valle de México /
_c/por Graciela Calderón de Rzedowski.
250 _a2 ed. rev. , act. e integrada en 1 solo vol.
260 _aXalapa, Ver. :
_bInstituto de Ecología,A.C.,
_c2001.
300 _a1406 p. :
_bilus.
590 _aBATCH-UPD
_b10
_c20130110
_lUCH01
_h0100
590 _aBATCH-UPD
_b10
_c20130110
_lUCH01
_h2042
590 _aBATCH-UPD
_b10
_c20130409
_lUCH01
_h2049
590 _aBATCH-UPD
_b10
_c20130410
_lUCH01
_h1356
590 _aBATCH-UPD
_b10
_c20130914
_lUCH01
_h0737
590 _aBATCH-UPD
_b10
_c20130914
_lUCH01
_h2149
590 _aCONVERSION
_b10
_c20130109
_lUCH01
_h1348
590 _aE11695DGD
_b10
_c20150602
_lUCH01
_h1126
650 1 4 _aBotánica
_xValle de México.
_914631
650 1 4 _aFanerógamas.
_939416
700 0 _aRzedowski Rotter, Jerzy.
_9101052
710 0 _aComisión Nacional para el Conocimiento y Uso de la Biodiversidad.
_925821
901 _aBK
942 _cLIBRO
942 _n0
999 _c85710
_d85710